| 000 | 01109cam a2200349 a 4500 | ||
|---|---|---|---|
| 001 | 1080586 | ||
| 003 | ARRUPE | ||
| 005 | 20140919110614.0 | ||
| 008 | 920430s1992 enka b 000 0 eng | ||
| 010 | _a 91034257 | ||
| 020 | _a0521394597 | ||
| 020 | _a0521397707 (pbk.) | ||
| 035 | _a(OCoLC)24373647 | ||
| 035 | _a(OCoLC)ocm24373647 | ||
| 035 | _a(CStRLIN)NYCG92-B30391 | ||
| 035 | _a(NNC)1080586 | ||
| 040 |
_aDLC _cDLC _dNjP |
||
| 050 | 0 | 0 |
_aBC141 _b.J44 1992 |
| 082 | 0 | 0 |
_a121/.63 _220 |
| 090 |
_aBC141 _b.J44 1992 |
||
| 100 | 1 |
_aJeffrey, Richard C. _911333 |
|
| 245 | 1 | 0 |
_aProbability and the art of judgement / _cRichard Jeffrey. |
| 260 |
_aCambridge ; _aNew York : _bCambridge University Press, _c1992. |
||
| 300 |
_axi, 244 p. : _bill. ; _c24 cm. |
||
| 490 | 1 | _aCambridge studies in probability, induction, and decision theory | |
| 504 | _aIncludes bibliographical references. | ||
| 650 | 0 |
_aProbabilities. _92769 |
|
| 650 | 0 |
_aJudgment. _98681 |
|
| 830 | 0 |
_aCambridge studies in probability, induction, and decision theory. _911408 |
|
| 942 |
_2lcc _cMONOGRAPH |
||
| 999 |
_c120881 _d120881 |
||